000 00871nmc a2200313 a 4500
003 AR-BaBNM
005 20251128203030.0
008 027019s1989 ||||||||||||||000 | spa||
040 _cAR-BaBNM
100 1 _aTrueba, Carlos Manuel
245 1 0 _aAlmagro
_bel pasado que perdura
260 _aBuenos Aires
_bFundación Banco de Boston
_c1989
300 _a77 p.
_bláms.
490 0 _aCuadernos del águila
_vv. 8
500 _aContiene referencias bibliográficas en p. 75
650 4 _aCOSTUMBRES Y TRADICIONES
650 4 _aMONUMENTOS HISTORICOS
650 4 _aHISTORIA DE BUENOS AIRES
650 4 _aBIENES CULTURALES
650 4 _aARQUITECTURA
650 4 _aURBANISMO
650 4 _aEDIFICIOS
650 4 _aVIDA SOCIAL
650 4 _aVIDA CULTURAL
650 4 _aBARRIOS
651 4 _aBuenos Aires [Capital Federal]
942 _cBK
998 _cMARTIN
999 _c1595
_d1595